Institutiones theologicae

Guardat en:
Dades bibliogràfiques
Autors principals: Puig, Narcisso (Autor), Xarrie, Francisco (Autor)
Format: Llibre
Idioma:llatí
Publicat: Barcelona Josephi Rubio 1861
Edició:1a. ed
Matèries:
Etiquetes: Afegir etiqueta
Sense etiquetes, Sigues el primer a etiquetar aquest registre!

MARC

LEADER 00000cam a2200000 a 4500
001 UCD2694
003 CL-VaPUC
008 160505e18610000sp |||||||||||||||||lat|d
082 0 4 |a 231  |b PUI  |2 21 
100 0 |a Puig, Narcisso  |e author  |9 586049 
700 0 |a Xarrie, Francisco  |e author  |9 586050 
245 1 0 |a Institutiones theologicae 
250 |a 1a. ed 
300 |a t 
942 |c BK 
945 |d 20160505 16:04:00  |a dcastane 
260 |a Barcelona  |b Josephi Rubio  |c 1861 
650 0 |a Teología dogmática   |9 313198 
650 7 |a INSTITUCIONES RELIGIOSAS  |2 CL-VaPUC  |9 337514 
583 |a last modification  |c 20160505 16:04:00  |k Rodrigo Vera 
999 |c 363816  |d 363814 
952 |0 0  |1 0  |3 erd  |4 0  |6 231_000000000000000_PUI_1861  |7 0  |8 X  |9 476586  |a BIBTEO  |b BIBTEO  |c TEO_FFR  |h t.1  |i 5231019  |o 231 PUI 1861  |p 5231019  |r 2024-01-18  |w 2019-11-24  |y BK_X  |z Catalogado en:20160505  |k OFM 
952 |0 0  |1 0  |3 erd  |4 0  |6 231_000000000000000_PUI_1861  |7 0  |8 X  |9 476587  |a BIBTEO  |b BIBTEO  |c TEO_FFR  |h t.2  |i 5231027  |o 231 PUI 1861  |p 5231027  |r 2024-01-18  |w 2019-11-24  |y BK_X  |z Catalogado en:20160505  |k OFM 
952 |0 0  |1 0  |3 erd  |4 0  |6 231_000000000000000_PUI_1861  |7 0  |8 X  |9 476588  |a BIBTEO  |b BIBTEO  |c TEO_FFR  |h t.3  |i 5231035  |o 231 PUI 1861  |p 5231035  |r 2024-01-18  |w 2019-11-24  |y BK_X  |z Catalogado en:20160505  |k OFM 
952 |0 0  |1 0  |3 erd  |4 0  |6 231_000000000000000_PUI_1861  |7 0  |8 X  |9 476589  |a BIBTEO  |b BIBTEO  |c TEO_FFR  |h t.4  |i 5231043  |o 231 PUI 1861  |p 5231043  |r 2024-01-18  |w 2019-11-24  |y BK_X  |z Catalogado en:20160505  |k OFM